Personal Computer Based Synthesized Generator / (Record no. 615202)

000 -LEADER
fixed length control field 00417nam a2200133 4500
003 - CONTROL NUMBER IDENTIFIER
control field NUST
082 ## - DEWEY DECIMAL CLASSIFICATION NUMBER
Classification number 621.382,ASL
100 ## - MAIN ENTRY--PERSONAL NAME
Relator code Aslam, Capt Babar (TE-30)
245 ## - TITLE STATEMENT
Title Personal Computer Based Synthesized Generator /
Statement of responsibility, etc. Capt Babar Aslam (Leader), Capt Mukhtar Ahmed, Capt Suleman Mekan Capt Muhammad Ghias
260 ## - PUBLICATION, DISTRIBUTION, ETC.
Place of publication, distribution, etc. UET, Lahore
Name of publisher, distributor, etc. MCS
Date of publication, distribution, etc. 1998
300 ## - PHYSICAL DESCRIPTION
Extent 67.p
650 ## - SUBJECT ADDED ENTRY--TOPICAL TERM
Topical term or geographic name entry element Project Report
9 (RLIN) 34829
942 ## - ADDED ENTRY ELEMENTS (KOHA)
Source of classification or shelving scheme
Koha item type Project Report

No items available.

© 2023 Central Library, National University of Sciences and Technology. All Rights Reserved.